000 01083cam a22003375a 4500
001 015710716
003 EG-ScBUE
005 20250611101843.0
008 101129s2004 nyua f b 001 0 eng d
020 _a9781441918321 (pbk.)
020 _a1441918329 (pbk.)
040 _aStDuBDS
_beng
_erda
_cStDuBDS
_dEG-ScBUE
082 0 4 _a535.32
_222
_bZAL
100 1 _aZalevsky, Zeev,
_eauthor.
_939580
245 1 0 _aOptical superresolution /
_cZeev Zalevsky, David Mendlovic.
264 1 _aNew York :
_bSpringer-Verlag,
_c[2004]
264 4 _cc2004
300 _ax, 253 pages :
_billustrations ;
_c24 cm.
336 _2rdacontent
_atext
_btxt
337 _aunmediated
_2rdamedia
_bn
338 _avolume
_bnc
_2rdacarrier
490 0 _aSpringer series in optical sciences ;
_v91
500 _aOriginally published: 2004.
504 _aIncludes bibliographical references and index.
650 7 _aResolution (Optics)
_2BUEsh
651 _2BUEsh
653 _bENGGEN
_cMarch2016
655 _vReading book
_934232
700 1 _939579
_aMendlovic, David,
_eauthor.
942 _2ddc
_cBB
999 _c21438
_d21410